Statistics for Handball EHF Championsleague Final Four

Click here to take the quiz!

General Stats

  • This quiz has been taken 874 times
    (268 since last reset)
  • The average score is 43 of 70

Answer Stats

Season1.% Correct
2020/21FC Barcelona
94%
FC Barcelona
94%
2021/22FC Barcelona
94%
FC Barcelona Borges
94%
2010/11FC Barcelona Borges
94%
FC Barcelona Intersport
94%
2014/15FC Barcelona Lassa
94%
FC Barcelona Lassa
94%
FC Barcelona Lassa
94%
FC Barcelona Lassa
94%
FC Barcelona Lassa
94%
Paris Saint-Germain
93%
Paris Saint-Germain
93%
Paris Saint-Germain
93%
Paris Saint-Germain
93%
Paris Saint-Germain
93%
Paris Saint-Germain
93%
THW Kiel
93%
THW Kiel
93%
2009/10THW Kiel
93%
THW Kiel
93%
THW Kiel
93%
THW Kiel
93%
2011/12THW Kiel
93%
2019/20THW Kiel
93%
2022/23SC Magdeburg
85%
Barlinek Industria Kielce
82%
KS Vive Targi Kielce
82%
KS Vive Tauron Kielce
82%
2015/16KS Vive Tauron Kielce
82%
Łomża Vive Kielce
82%
PGE Vive Kielce
82%
2016/17HC Vardar
61%
2018/19HC Vardar
61%
HC Vardar
61%
MVM Veszprém
58%
MVM Veszprém
58%
MVM Veszprém
58%
Telekom Veszprém
58%
Telekom Veszprém
58%
Telekom Veszprém
58%
Telekom Veszprém
58%
Aalborg Håndbold
57%
2017/18Montpellier HB
57%
2013/14SG Flensburg-Handewitt
57%
HBC Nantes
55%
HBC Nantes
55%
HSV Hamburg
45%
2012/13HSV Hamburg
45%
Rhein Neckar Löwen
45%
Hansen Mikkel
44%
Hansen Mikkel
44%
BM Atletico Madrid
39%
Füchse Berlin
38%
BM Ciudad Real
25%
Renovalia Ciudad Real
25%
Aleix Gómez
14%
Gensheimer Uwe
14%
Gensheimer Uwe
14%
Gensheimer Uwe
14%
Emil Madsen
9%
AG Kobenhavn
8%
Ilic Momir
8%
Ilic Momir
8%
Jicha Filip
8%
Lindberg Hans
8%
Niclas Ekberg
6%
Dujshebaev Alex
5%
Chekhovskie Medvedi
4%
Valero Rivera Folch
3%

Score Distribution

Percentile by Number Answered

Percent of People with Each Score

Your Score History

You have not taken this quiz since the last reset